000 00619nam a2200253Ia 4500
003 OSt
005 20221007103217.0
006 a|||||r|||| 00| 0
007 ta
008 221006b |||||||| |||| 00| 0 hin d
024 _a12,529
037 _cTextual
040 _aLCO
_cLCO
_bhin
041 _2hin
_ahin
082 _aZ2,181, N3
100 _aPandey J.N.
245 0 _aCompany Vidhi
250 _a2nd
260 _aAllahabad
_bCentral Law Publication India
_c1993
300 _a248
650 _aCompany Law
942 _hZ2,181, N3
_cTEXL
999 _c1182092
_d1182092